000 00473nam a2200217Ia 4500
005 20250205155040.0
008 250205s9999 xx 000 0 und d
020 _a9789392140327
082 _a347.06
082 _bLAL
100 _aLal, Batuk
245 0 _aLaw of Evidence
250 _a24th
260 _aPrayagraj
260 _bCentral Law Agency
260 _c2023
300 _a131 P.
650 _bEvidence Law
650 _bLaw of Evidence
942 _cTB
999 _c8954
_d8954